Statistics for Country And Capital Word Scramble

Click here to take the quiz!

General Stats

  • This quiz has been taken 33 times
  • The average score is 9 of 10

Answer Stats

HintAnswer% Correct
RBAIZLBrazil
100%
SRUSBESLBrussels
100%
AINDIIndia
100%
ATILVALatvia
100%
OWCOMSMoscow
100%
WATIANTaiwan
96%
RNEGINiger
92%
RMDADIMadrid
85%
IUISTNATunisia
85%
OARETIRPPretoria
38%

Score Distribution

Percentile by Number Answered

Percent of People with Each Score

Your Score History

You have not taken this quiz